000
00295nam a2200109Ia 4500
008
220204s9999 xx 000 0 und d
082
_a
658.5
_b
BLA
100
_a
Stewart P
245
0
_a
Managing for responsive research and development
260
_a
San Franscisco
_b
W H Freeman
_c
1978
942
_c
BK
999
_c
31231
_d
31231